000 00677nam a2200181 i 4500
001 152560
003 ES-MaACL
005 20250812034403.0
008 051018s1873 fr a | |||||||| ||fre d
040 _aCAM
_bspa
_cCAM
100 1 _aBourgoin, Jules.
_930998
245 1 4 _aLes arts arabes
_b: architecture, manuiserie, bronzes, plafonds ...; et le trait général de l'art arabe /
_cpar Jules Bourgoin.
260 _aParis :
_bA. Morel,
_c1873 (
_fJ. Claye imprimeur)
300 _a[4], 4, [4], VIII, 28, 3 p., 92 h. de lám. :
_bil. ;
_c44 cm.
650 7 _aArte musulmán
_2embne
_9135624
852 _aES-MaACL
_jB-7320
_z-- Enc. hol.
999 _c152560
_d152560